000 00313nam a2200121Ia 4500
008 191201s2002 xx 000 0 und d
100 _aKALAM,A P J Abdul
245 0 _aIgnited Minds Unleashing Power with in India
260 _aN.Delhi
_bPenguin Book
_c2002
300 _a205
650 _aBBA
942 _2ddc
_cBK
_015
999 _c4483
_d4483